| 000 | 00519nam a2200109Ia 4500 | ||
|---|---|---|---|
| 008 | 171212s9999 xx 000 0 und d | ||
| 100 | _aPrice, Rebecca Anhang;Quigley, Denise D.;Bradley, Melissa A.;Teno, Joan M.;Parast, Layla | ||
| 245 |
_cPrice, Rebecca Anhang;Quigley, Denise D.;Bradley, Melissa A.;Teno, Joan M.;Parast, Layla _aHospice Experience of Care Survey _bDevelopment and Field Test |
||
| 260 |
_bRAND Corporation _c2014 |
||
| 650 | _aHealth Sciences | ||
| 856 | _uhttp://www.jstor.org/stable/10.7249/j.ctt14bs206 | ||
| 999 |
_c352146 _d352146 |
||